MDQL
is popping MORE tags! Check the
thread
!
Quizzes
Events
Quiz Creation
Community
Videos
Private Events
Remove Ads
Sign In
Join for FREE
Feedback
Dark Mode
Quiz Categories
Sports
Geography
Music
Movies
Television
Just For Fun
Miscellaneous
History
Literature
Language
Science
Gaming
Entertainment
Religion
Holiday
For Kids
Quiz Lab
Recent
Popular Today
Quiz Kudos Today
Editor Picks
Curator Picks
Quizzes by...
Day
Popularity
Type
Ratings
Length
Year
Community
Subscriptions
Recent Discussions
Orange Saloon
Badges
Playlists
Quests
Create
Leaderboards
Showdown
Live 5
Trivia Bingo
Activity
Puzzle Library
Sporcle Events
Private Events
Virtual Trivia
Globe League
Become a Host
Pub Owners
SporcleCon
Opinionation
Our Games
Videos
Blog
Mobile Apps
Partnerships
Remove Ads and Go Orange
Feedback
Miscellaneous
Crossword
General Knowledge
Baby Names
Logo
Food
Cars
Numbers
Grab Bag
University
College
Popular
Company
Slogans
Restaurants
Justice
Letter
Miscellaneous
Crossword
General Knowledge
Baby Names
Logo
Food
Cars
Numbers
Grab Bag
University
College
Popular
Company
Slogans
Restaurants
Justice
Letter
Random Quiz
Search Sporcle
×
Quiz Lab
Quiz Lab
Miscellaneous
Baby Names
Type in answers that appear in a list
Type in answers that appear in a list
Classic
Best Score? Go Orange.
'O' 'P' & 'Q' Baby Names - 1970 Stats
Can you name the top 1000 baby names beginning with O, P, and Q of 1970?
By
sporcprincess
12m
57 Questions
18 Plays
18 Plays
18 Plays
Comments
Comments
Give Quiz Kudos
Give Quiz Kudos
-
- Ratings
hide this ad
Replay
Link that replays current quiz
Next Quiz
Link to next quiz in quiz playlist
You Got
0%
They Got
Avg Score
67%
Avg Friend Score
Upgrade to see
Score Distribution
Jump to the score distribution portion of the page
Score
0/57
Timer
12:00
0
Plays Today
Sex
Name
% Correct
O -
Boys
Oscar
100%
O -
Boys
Oliver
100%
O -
Girls
Olivia
100%
P -
Boys
Paul
100%
Q -
Boys
Quentin
100%
P -
Boys
Patrick
94.4%
P -
Boys
Peter
94.4%
P -
Boys
Pat
94.4%
P -
Boys
Patricia
94.4%
P -
Girls
Patricia
94.4%
P -
Girls
Paula
94.4%
P -
Girls
Penny
94.4%
P -
Girls
Patty
94.4%
Q -
Boys
Quinn
94.4%
Q -
Boys
Quincy
94.4%
P -
Girls
Pamela
88.9%
P -
Girls
Pauline
88.9%
O -
Boys
Omar
83.3%
P -
Girls
Pam
83.3%
Q -
Boys
Quintin
83.3%
P -
Boys
Phillip
77.8%
P -
Boys
Preston
77.8%
P -
Boys
Pete
77.8%
P -
Boys
Phil
77.8%
P -
Girls
Peggy
77.8%
Q -
Boys
Quinton
77.8%
O -
Boys
Owen
72.2%
P -
Boys
Philip
72.2%
P -
Boys
Perry
72.2%
Sex
Name
% Correct
P -
Girls
Paige
72.2%
P -
Girls
Patti
72.2%
P -
Girls
Penelope
72.2%
O -
Boys
Otis
61.1%
O -
Boys
Otto
61.1%
O -
Boys
Orville
61.1%
P -
Boys
Pedro
61.1%
P -
Girls
Priscilla
61.1%
P -
Girls
Patrice
61.1%
P -
Girls
Polly
61.1%
O -
Boys
Orlando
55.6%
O -
Boys
Ollie
55.6%
P -
Boys
Pablo
50%
P -
Boys
Percy
50%
P -
Girls
Phyllis
50%
P -
Girls
Patsy
50%
P -
Girls
Paulette
44.4%
P -
Girls
Pearl
44.4%
P -
Girls
Petra
44.4%
O -
Boys
Octavio
38.9%
O -
Girls
Olga
38.9%
P -
Boys
Pierre
38.9%
P -
Boys
Paris
38.9%
P -
Girls
Pamala
22.2%
P -
Girls
Patrica
22.2%
O -
Boys
Odell
5.6%
P -
Boys
Parrish
5.6%
P -
Boys
Pasquale
5.6%
Quiz Playlist
Details
Report
Send in Message
Add To Playlist
Classic:
Type in answers that appear in a list
Last Updated: Feb 16, 2017
Quiz Scoreboard
CHALLENGE
Sign Up to Join the Scoreboard
Show All
Scores
Hide
Comments
May contain spoilers
Recently Published
Two Season TV Shows II
by 123Four
Television
10m
Image Sorting: Flags VI
by Barbecue
Geography
2m
Find the 'City' Movie
by crazypaving
Movies
60s
More to Explore
Quiz From the Vault
Featured Blog Post
14 Easter Pick-up Lines to Find Eggs With
hide this ad
You Might Also Like...
Tags
Baby Names Quiz
1970s
name
Today's Top Quizzes in Miscellaneous
Browse Miscellaneous
hide this ad
Today's Top Quizzes in Baby Names
Browse Baby Names
Top Contributed Quizzes in Miscellaneous
1
The JOE quick-fire general knowledge quiz: Day 174
2
5-to-1: Fast Food
3
9x9 Crossword: Disney Movie Titles
4
The JOE quick-fire general knowledge quiz: Day 173
5
9x9 Crossword: Charlie and the Chocolate Factory
6
9x9 Crossword: The Simpsons
7
9x9 Crossword: Flags
8
9x9 Crossword: 2022 Movies
9
9x9 Crossword: Actors
10
9x9 Crossword: Pixar Movie Titles
Explore More
Trending Topics
Kpop
Crossword
Harry Potter
NBA
Disney
Marvel
Anime
Country
Soccer
Puzzle
Song
Pokémon
The Office
NFL
WWE
hide this ad
More By:
sporcprincess
Quiz
Plays
Rating
Category
Featured
Created
'A' Baby Names - 1970
1,706
4.63
Miscellaneous
Oct 18, 2011
D Baby Names - 1970
1,469
4.83
Miscellaneous
Dec 5, 2011
C Baby Names - 1970
973
4.45
Miscellaneous
Dec 1, 2011
G Baby Names - 1970
971
4.18
Miscellaneous
Dec 1, 2011
E Baby Names - 1970
834
4.89
Miscellaneous
Dec 5, 2011
Go to Creator's Profile
Score Distribution
Quiz Creator Spotlight
sporcprincess
Follow
Send a Message
Quizzes Created
-
Created Quiz Play Count
-
More By This Creator
Popular Quizzes Today
1
Find the US States - No Outlines Minefield
2
Colored Red Africa Blitz
3
Find the 'City' Movie
4
5x2 Blitz: Bands
5
The Countries of the World
6
Find the Countries of Europe - No Outlines Minefield
7
Find the US States
8
US States
More Miscellaneous Quizzes
Mother Sauces
Published
Trending Quizzes
Colored Red Europe Blitz I
Colored Red Africa Blitz II
Colored Red Europe Blitz II
Colored Red Africa Blitz III
Colored Red Europe Blitz III
Recently Updated
How Do You Spell That?
pecheneg
Godzilla Movies
pecheneg
Grab Bag: 4-10 Letters
pecheneg
2024 March Madness Bracket
pecheneg
Famous TV Couples
Peacemaker
Champions League XIs: Real Madrid
pecheneg
Largest US Cities 1790-2010
pecheneg
Rides in Walt Disney World
pecheneg
Most Oscar Losses (Acting)
pecheneg
Beyoncé Albums
pecheneg
Trending Topics
Kpop
Harry Potter
Anime
Crossword
NBA
Marvel
Disney
Puzzle
Song
Country
The Office
Pokémon
WWE
NFL
Soccer
Your Account Isn't Verified!
In order to create a playlist on Sporcle, you need to verify the email address you used during registration. Go to your
Sporcle Settings
to finish the process.
Report this User
Report this user for behavior that violates our
Community Guidelines
.
Details:
Send Report
Go to the Sporcle.com Mobile Site →
Comments